000 002960000a22001330004500
005 20120302054435.0
942 _cBOOK
245 _a Bharat Varsha (Maasike)
260 _aPune:Da.Ba.Paarasnis,1899.
040 _aMAR
650 _aSankirna
650 _aMaasike
650 _aBharatvarsha-Maasik
999 _c345633
_d345630